| 000 | 00824nam a22002417a 4500 | ||
|---|---|---|---|
| 005 | 20250422141823.0 | ||
| 008 | 250422b |||||||| |||| 00| 0 eng d | ||
| 020 | _a978-1-64889-709-2 (pbk) | ||
| 037 | _cTB | ||
| 040 |
_aAL _cAL |
||
| 041 |
_2eng _aeng |
||
| 084 |
_aY:45(Q7) R3 _qAL |
||
| 245 |
_aRethinking Islamism beyond jihadi violence: _bFighting idea leaving the sword aside |
||
| 260 |
_aDelaware, USA: _bVernon Press, _c2023. |
||
| 300 | _axiii, 388p. | ||
| 365 |
_b52.00 _cEURO |
||
| 650 |
_aMuslims _9752704 |
||
| 650 |
_aSociology _9752705 |
||
| 650 |
_aViolence _9752706 |
||
| 700 |
_aOrofino, Elisa (Editor) _9752707 |
||
| 942 |
_2CC _cTB _hY:45(Q7) R3 _n0 |
||
| 999 |
_c1309276 _d1309276 |
||